| 000 | 00635nam a22002177a 4500 | ||
|---|---|---|---|
| 003 | DO-SdBNP | ||
| 005 | 20180222143723.0 | ||
| 008 | 160718 1998 xxu a spa d | ||
| 020 | _a0590130005 | ||
| 040 |
_aBPMSU _bspa _cBPMSU |
||
| 082 | 0 | 4 |
_axxx _bxxxx |
| 100 | 1 | _aBourgeois, Paulette | |
| 245 | 1 | 0 |
_aFranklin“s secret club / _cPaulette Bourgeois ; ilustraciones Brenda Clark |
| 260 |
_aNew York : _bScholastic, _c1998. |
||
| 300 |
_a[30] p. : _bil. ; _c23 cm. |
||
| 500 | _aRead all Franklin“s stories | ||
| 700 | 1 | 2 |
_aClark, Brenda _eil. |
| 942 |
_2ddc _cBK |
||
| 945 | _aInventariado, 2018/ YL | ||
| 956 |
_aYLOCKWARD _b10 _cBPMSU |
||
| 999 |
_c12525 _d12525 |
||